| 000 | 01300nam a2200361Ic 4500 | ||
|---|---|---|---|
| 001 | 60018 | ||
| 003 | CO-BoRNBP | ||
| 005 | 20251118151229.0 | ||
| 007 | ta | ||
| 008 | 210812s2015 ck er 000 0dspa d | ||
| 020 | _a9788494357756 | ||
| 040 |
_aCO-BoRNBP _bspa _erda _cCO-BoRNBP |
||
| 041 | 0 | _aspa | |
| 082 | 0 | 4 |
_a809.1 _bE76e |
| 082 | 0 | 4 |
_aCo861.08 _bE76e _222 |
| 100 |
_aEspinosa, Santiago, _d1985- _eaut _967529 |
||
| 245 | 1 | 0 |
_aEscribir en la niebla : _b14 poetas colombianos / _cSantiago Espinosa. |
| 246 | 3 | 2 |
_aEscribir en la niebla _bcatorce poetas colombianos |
| 250 | _aPrimera edición | ||
| 264 | 1 |
_aGranada, España : _bValparaíso Ediciones, _c2015 |
|
| 300 | _a267 páginas | ||
| 336 |
_atexto _btxt _2rdacontent |
||
| 337 |
_asin mediación _bn _2rdamedia |
||
| 338 |
_avolumen _bnc _2rdacarrier |
||
| 490 | 0 | _aColección Valparaíso de Estudios Literarios | |
| 504 | _aIncluye referencias bibliográficas | ||
| 521 | _aRecomendado para un público adulto | ||
| 545 | _aIncluye datos biográficos del autor al final del texto | ||
| 650 | 0 | 4 |
_aEnsayos colombianos _vColecciones _2LEMB _91224 |
| 650 | 0 | 4 |
_aPoesía colombiana _xHistoria y crítica _vFotografías _2LEMB _967530 |
| 650 | 0 | 4 |
_aLiteratura colombiana _xHistoria y crítica _vFotografías _2LEMB _967485 |
| 942 |
_2ddc _cBK |
||
| 999 |
_c60018 _d60018 |
||